000 00433nam a2200169Ia 4500
008 180921t1989 xxu||||| |||| 00| 0 eng d
041 _aeng
080 _a5
_bLIF
100 _aBates, Marston
245 4 _aThe land and wild life of South America
260 _bHong Kong
_c1989
300 _a200p., ill., 28 cm
650 _aWild life
_aSouth America
942 _cBK
999 _c17778
_d17778
003 LK-CoDNM
040 _aLK-CoDNM
_dLK-CoDNM
_eLK-CoDNM